Total environmental assessment (Record no. 18031)
[ view plain ]
| 000 -LEADER | |
|---|---|
| fixed length control field | 00519nam a22001577a 4500 |
| 008 - FIXED-LENGTH DATA ELEMENTS--GENERAL INFORMATION | |
| fixed length control field | 191115b xxu||||| |||| 00| 0 eng d |
| 020 ## - INTERNATIONAL STANDARD BOOK NUMBER | |
| International Standard Book Number | 9966260802 |
| 040 ## - CATALOGING SOURCE | |
| Original cataloging agency | KABU |
| Transcribing agency | KABU |
| 050 ## - LIBRARY OF CONGRESS CALL NUMBER | |
| Classification number | TD194.68 |
| Item number | .K58 2016 c. 1 |
| 100 ## - MAIN ENTRY--PERSONAL NAME | |
| Personal name | Kitetu, J. Jackson |
| 245 ## - TITLE STATEMENT | |
| Title | Total environmental assessment |
| Remainder of title | integrated methods, theory and practice |
| Statement of responsibility, etc. | Jackson J. Kitetu |
| 260 ## - PUBLICATION, DISTRIBUTION, ETC. (IMPRINT) | |
| Place of publication, distribution, etc. | Eldoret, Kenya |
| Name of publisher, distributor, etc. | Utafiti Foundation |
| Date of publication, distribution, etc. | 2016 |
| 300 ## - PHYSICAL DESCRIPTION | |
| Extent | xx, 316 p. |
| 650 ## - SUBJECT ADDED ENTRY--TOPICAL TERM | |
| Topical term or geographic name as entry element | Environmental impact analysis |
| 942 ## - ADDED ENTRY ELEMENTS (KOHA) | |
| Source of classification or shelving scheme | Library of Congress Classification |
| Koha item type | General Collection |
| Classification part | TD194.68 |
| Withdrawn status | Lost status | Source of classification or shelving scheme | Not for loan | Home library | Current library | Date acquired | Cost, normal purchase price | Total Checkouts | Full call number | Barcode | Date last seen | Copy number | Price effective from | Koha item type |
|---|---|---|---|---|---|---|---|---|---|---|---|---|---|---|
| Library of Congress Classification | Kabarak, Main Campus | Kabarak, Main Campus | 15/11/2019 | 2000.00 | TD194.68 .K58 2016 c. 1 | 023722 | 15/11/2019 | c. 1 | 15/11/2019 | General Collection |